Kinn's The medical assistant : (Record no. 17214)

000 -LEADER
fixed length control field 01080cam a2200301 a 4500
008 - FIXED-LENGTH DATA ELEMENTS--GENERAL INFORMATION
fixed length control field 110711s2011 moua b 001 0 eng
010 ## - LIBRARY OF CONGRESS CONTROL NUMBER
LC control number 2011290145
020 ## - INTERNATIONAL STANDARD BOOK NUMBER
International Standard Book Number 9781416054399
020 ## - INTERNATIONAL STANDARD BOOK NUMBER
International Standard Book Number 1416054391
050 00 - LIBRARY OF CONGRESS CALL NUMBER
Classification number R728.8 .K493 2011
100 1# - MAIN ENTRY--PERSONAL NAME
Personal name Young-Adams, Alexandra Patricia.
245 10 - TITLE STATEMENT
Title Kinn's The medical assistant :
Remainder of title an applied learning approach.
246 30 - VARYING FORM OF TITLE
Title proper/short title Medical assistant
250 ## - EDITION STATEMENT
Edition statement 11th ed. /
Remainder of edition statement Alexandra Patricia Young-Adams, Deborah B. Proctor.
260 ## - PUBLICATION, DISTRIBUTION, ETC. (IMPRINT)
Place of publication, distribution, etc. St. Louis, Mo. :
Name of publisher, distributor, etc. Elsevier, Saunders,
Date of publication, distribution, etc. c2011.
300 ## - PHYSICAL DESCRIPTION
Extent xx, 1356 p. :
Other physical details col. ill. ;
Dimensions 29 cm.
504 ## - BIBLIOGRAPHY, ETC. NOTE
Bibliography, etc Includes bibliographical references and index.
650 #0 - SUBJECT ADDED ENTRY--TOPICAL TERM
Topical term or geographic name as entry element Medical assistants.
700 1# - ADDED ENTRY--PERSONAL NAME
Personal name Proctor, Deborah B.
700 1# - ADDED ENTRY--PERSONAL NAME
Personal name Kinn, Mary E.
942 ## - ADDED ENTRY ELEMENTS (KOHA)
Source of classification or shelving scheme
Koha item type Hard Covered Materials
Classification part R728.8 .K493 2011
Holdings
Withdrawn status Lost status Source of classification or shelving scheme Damaged status Not for loan Home library Current library Shelving location Date acquired Source of acquisition Total Checkouts Full call number Barcode Date last seen Price effective from Koha item type
          MACHAKOS UNIVERSITY LIBRARY MACHAKOS UNIVERSITY LIBRARY Open shelf 22/11/2016 Donation(BFA)   R728.8 .K493 2011 28010 22/11/2016 22/11/2016 Hard Covered Materials
© Machakos University Library, Along The Highway, Machakos Wote Rd, Machakos, Kenya P.O. Box 136 - 90100 Machakos - Kenya

Tel: ( +254 ) 723 805829 OR Fax : 044-20353 OR Email: library@mksu.ac.ke